Термодинамический расчет равновесного состава воздушной плазмы, взаимодействующей с компонентами пиротехнических составов; Известия Томского политехнического университета [Известия ТПУ]; Т. 306, № 3

গ্রন্থ-পঞ্জীর বিবরন
Parent link:Известия Томского политехнического университета [Известия ТПУ]/ Томский политехнический университет (ТПУ).— , 2000-
Т. 306, № 3.— 2003.— [С. 44-47]
প্রধান লেখক: Власов В. А. Виктор Алексеевич
অন্যান্য লেখক: Тихомиров И. А. Иван Арсентьевич, Астапенко А. В.
সংক্ষিপ্ত:Заглавие с титульного листа
Электронная версия печатной публикации
Математическое моделирование процессов и явлений часто заменяет с высокой степенью достоверности дорогостоящие экспериментальные исследования, особенно в такой области как физика плазмы и плазмохимия. Экспериментальные исследования физико-химических процессов, протекающих в многокомпонентных плазменных потоках, например, при взаимодействии воздушной низкотемпературной плазмы с теплозащитными материалами и пиротехническими составами, требуют предварительной информации о характеристиках таких плазменных систем. Например, при масс-спектрометрических исследованиях состава многокомпонентной плазмы важно предварительно знать, какие компоненты могут образовываться в результате протекающих в плазме процессов. С этой целью для оценки состава многокомпонентной плазмы были использованы методы термодинамического анализа.
ভাষা:রুশ
প্রকাশিত: 2003
মালা:Естественные науки
বিষয়গুলি:
অনলাইন ব্যবহার করুন:http://www.lib.tpu.ru/fulltext/v/Bulletin_TPU/2003/v306/i3/09.pdf
বিন্যাস: বৈদ্যুতিক গ্রন্থের অধ্যায়
KOHA link:https://koha.lib.tpu.ru/cgi-bin/koha/opac-detail.pl?biblionumber=167434

MARC

LEADER 00000nla2a2200000 4500
001 167434
005 20231031162813.0
035 |a (RuTPU)RU\TPU\book\181646 
035 |a RU\TPU\book\181644 
090 |a 167434 
100 |a 20091015d2003 k y0rusy50 ca 
101 0 |a rus 
102 |a RU 
135 |a drnn ---uucaa 
181 0 |a i  
182 0 |a b 
200 1 |a Термодинамический расчет равновесного состава воздушной плазмы, взаимодействующей с компонентами пиротехнических составов  |b Электронный ресурс  |f В. А. Власов, И. А. Тихомиров, А. В. Астапенко 
203 |a Текст  |c электронный 
215 |a 1 файл (223 Кб) 
225 1 |a Естественные науки 
230 |a Электронные текстовые данные (1 файл : 223 Кб) 
300 |a Заглавие с титульного листа 
300 |a Электронная версия печатной публикации 
320 |a [Библиогр.: с. 47 (13 назв.)] 
330 |a Математическое моделирование процессов и явлений часто заменяет с высокой степенью достоверности дорогостоящие экспериментальные исследования, особенно в такой области как физика плазмы и плазмохимия. Экспериментальные исследования физико-химических процессов, протекающих в многокомпонентных плазменных потоках, например, при взаимодействии воздушной низкотемпературной плазмы с теплозащитными материалами и пиротехническими составами, требуют предварительной информации о характеристиках таких плазменных систем. Например, при масс-спектрометрических исследованиях состава многокомпонентной плазмы важно предварительно знать, какие компоненты могут образовываться в результате протекающих в плазме процессов. С этой целью для оценки состава многокомпонентной плазмы были использованы методы термодинамического анализа. 
337 |a Adobe Reader 
461 1 |0 (RuTPU)RU\TPU\book\176237  |t Известия Томского политехнического университета [Известия ТПУ]  |f Томский политехнический университет (ТПУ)  |d 2000- 
463 1 |0 (RuTPU)RU\TPU\book\181574  |t Т. 306, № 3  |f под ред. В. А. Власова  |v [С. 44-47]  |d 2003  |p 173 с. 
610 1 |a термодинамические расчеты 
610 1 |a равновесные составы 
610 1 |a воздушная плазма 
610 1 |a пиротехнические составы 
610 1 |a компоненты 
610 1 |a физика 
610 1 |a плазмохимия 
610 1 |a физико-химические процессы 
610 1 |a плазменные потоки 
610 1 |a низкотемпературная плазма 
610 1 |a теплозащитные материалы 
610 1 |a масс-спектрометрические исследования 
610 1 |a многокомпонентная плазма 
610 1 |a труды учёных ТПУ 
610 1 |a плазма 
610 1 |a электронный ресурс 
700 1 |a Власов  |b В. А.  |c российский ученый в области физики и химии плазмы, молекулярной физики  |c профессор Томского политехнического университета  |f 1958-  |g Виктор Алексеевич  |2 stltpush  |3 (RuTPU)RU\TPU\pers\26576  |4 070 
701 1 |a Тихомиров  |b И. А.  |c российский физик  |c доктор физико-математических наук, профессор Томского политехнического университета  |f 1921-2010  |g Иван Арсентьевич  |2 stltpush  |3 (RuTPU)RU\TPU\pers\18334  |4 070 
701 1 |a Астапенко  |b А. В.  |4 070 
801 1 |a RU  |b 63413507  |c 20090623  |g PSBO 
801 2 |a RU  |b 63413507  |c 20210513  |g PSBO 
856 4 |u http://www.lib.tpu.ru/fulltext/v/Bulletin_TPU/2003/v306/i3/09.pdf 
942 |c CF